[Event "St Veit op 42nd"]
[Site "St Veit"]
[Date "2023.07.14"]
[Round "8"]
[White "Dimitriadis, Michael"]
[Black "Staufenberger, Bernd"]
[Result "1-0"]
[WhiteElo "2066"]
[BlackElo "1863"]
[PlyCount "117"]
[EventDate "2023.07.08"]
[EventType "swiss"]
[EventRounds "9"]
[EventCountry "AUT"]
[SourceTitle "CBM 215 Extra"]
[Source "ChessBase"]
[SourceDate "2023.09.30"]
[SourceVersion "1"]
[SourceVersionDate "2023.09.30"]
[SourceQuality "1"]

1. d4 d5 2. c4 e6 3. Nc3 Nf6 4. cxd5 exd5 5. Bg5 c6 6. Qc2 h6 7. Bh4 g6 8. e3 Bf5 9. Qb3 g5 10. Qxb7 gxh4 11. Qxa8 Qb6 12. 0-0-0 Bd6 13. Bd3 Bxd3 14. Rxd3 Qa6 15. Nf3 Qxd3 16. Qxa7 0-0 17. Rd1 Qc4 18. Nd2 Qa6 19. Qxa6 Nxa6 20. h3 Be7 21. Nf3 Nd7 22. a3 f5 23. Kc2 Kf7 24. Ne2 Rg8 25. Ne1 Nc7 26. Nf4 Bg5 27. Nfd3 Bf6 28. b4 Nb6 29. Nb2 Ne6 30. Kb3 f4 31. Rc1 fxe3 32. fxe3 Rg3 33. Nf3 Nd8 34. Rc2 Ke6 35. a4 Bg5 36. a5 Na8 37. Nd3 Kd6 38. Re2 Bf6 39. Nf4 Bg5 40. Nh5 Ne6 41. Nxg3 hxg3 42. h4 Bf6 43. Rc2 Nac7 44. Kc3 Na6 45. Kb3 Nac7 46. Rc1 Ng7 47. Ne5 Bxe5 48. dxe5+ Kd7 49. Rf1 Nge8 50. Rf3 Ke6 51. Rxg3 Kf5 52. h5 Kxe5 53. Rg6 Ne6 54. Rxh6 N8c7 55. g4 Ke4 56. Rxe6+ Nxe6 57. h6 Ng5 58. a6 Kxe3 59. a7 1-0

[Event "St Veit op 42nd"]
[Site "St Veit"]
[Date "2023.07.11"]
[Round "5"]
[White "Rohfleisch, Daniel"]
[Black "Dimitriadis, Michael"]
[Result "0-1"]
[WhiteElo "1915"]
[BlackElo "2066"]
[PlyCount "86"]
[EventDate "2023.07.08"]
[EventType "swiss"]
[EventRounds "9"]
[EventCountry "AUT"]
[SourceTitle "CBM 215 Extra"]
[Source "ChessBase"]
[SourceDate "2023.09.30"]
[SourceVersion "1"]
[SourceVersionDate "2023.09.30"]
[SourceQuality "1"]

1. e4 e5 2. Nf3 Nc6 3. Nc3 Nf6 4. d4 exd4 5. Nxd4 Bb4 6. Nxc6 bxc6 7. Bd3 d5 8. exd5 cxd5 9. 0-0 0-0 10. h3 c6 11. Qf3 Rb8 12. Bg5 h6 13. Bxf6 Qxf6 14. Qxf6 gxf6 15. Ne2 Bd6 16. b3 c5 17. Ng3 Bxg3 18. fxg3 Kg7 19. Rf4 Re8 20. Kf2 Rb6 21. Re1 Re5 22. g4 Be6 23. Ra4 Rb7 24. Ra6 Re7 25. Rxe5 fxe5 26. Rc6 c4 27. bxc4 e4 28. Be2 d4 29. Rd6 Rd7 30. Rxd7 Bxd7 31. Ke1 Kf6 32. Kd2 Ke5 33. g3 Bc6 34. Ke1 Kd6 35. Kd2 Kc5 36. a3 f6 37. Kc1 a5 38. Kd2 Bb7 39. Bf1 Ba6 40. c3 d3 41. Bg2 Bb7 42. Ke3 Kxc4 43. Bf1 Kxc3 0-1

[Event "St Veit op 42nd"]
[Site "St Veit"]
[Date "2023.07.09"]
[Round "2"]
[White "Dimitriadis, Michael"]
[Black "Hng, Mei Xian Eunice"]
[Result "0-1"]
[WhiteElo "2066"]
[BlackElo "1869"]
[PlyCount "87"]
[EventDate "2023.07.08"]
[EventType "swiss"]
[EventRounds "9"]
[EventCountry "AUT"]
[SourceTitle "CBM 215 Extra"]
[Source "ChessBase"]
[SourceDate "2023.09.30"]
[SourceVersion "1"]
[SourceVersionDate "2023.09.30"]
[SourceQuality "1"]

1. d4 Nf6 2. c4 e6 3. Nc3 c5 4. d5 exd5 5. cxd5 d6 6. Nf3 g6 7. h3 Bg7 8. Bf4 0-0 9. e3 Qe7 10. Bd3 a6 11. a4 Nbd7 12. 0-0 Ne8 13. Ra3 Nc7 14. e4 Rb8 15. Qc2 Re8 16. Re1 Ne5 17. Nxe5 Bxe5 18. Bxe5 Qxe5 19. Re3 b5 20. axb5 Nxb5 21. Bxb5 axb5 22. Ne2 Qe7 23. Ra5 b4 24. Ng3 Qc7 25. Ra1 f6 26. Nf1 Bd7 27. Nd2 Ra8 28. Ree1 Bb5 29. b3 Ra7 30. Qb2 Kg7 31. Rxa7 Qxa7 32. Ra1 Qe7 33. Ra5 Bd3 34. f3 Qb7 35. Qa1 Re7 36. Ra8 Qc7 37. Qa5 Qxa5 38. Rxa5 f5 39. Ra1 fxe4 40. fxe4 Kf6 41. Re1 Ke5 42. Re3 Kd4 43. Kf2 Bxe4 44. Kf1 0-1

[Event "Steyr Landesliga 1718"]
[Site "Austria"]
[Date "2018.04.14"]
[Round "11.4"]
[White "Dimitriadis, Michael"]
[Black "Toelly, Michael"]
[Result "1/2-1/2"]
[WhiteElo "2012"]
[BlackElo "2180"]
[PlyCount "63"]
[EventDate "2017.09.30"]
[EventType "team-tourn"]
[EventRounds "11"]
[EventCountry "AUT"]
[SourceTitle "EXT 2021"]
[Source "ChessBase"]
[SourceDate "2020.10.23"]
[SourceVersion "1"]
[SourceVersionDate "2020.10.23"]
[SourceQuality "1"]
[WhiteTeam "Soechau"]
[BlackTeam "Fuerstenfeld/Hartberg II"]
[WhiteTeamCountry "AUT"]
[BlackTeamCountry "AUT"]

1. d4 Nf6 2. c4 e6 3. Nc3 Bb4 4. Qc2 0-0 5. a3 Bxc3+ 6. Qxc3 b6 7. Bg5 Bb7 8. e3 d6 9. Ne2 Nbd7 10. Qc2 c5 11. Nc3 h6 12. Bh4 Qe7 13. f3 Rac8 14. Rd1 cxd4 15. Rxd4 Ne5 16. Be2 Rfd8 17. 0-0 Ng6 18. Bf2 d5 19. cxd5 Nxd5 20. Rc4 Rxc4 21. Bxc4 Qg5 22. Nxd5 exd5 23. Be2 d4 24. Rd1 Rc8 25. Qd2 d3 26. h4 Nxh4 27. Bxh4 Qxh4 28. Bxd3 Qg5 29. Kf2 Qh4+ 30. Kg1 Qg5 31. Kf2 Qh4+ 32. Kg1 1/2-1/2

[Event "Steyr Landesliga 1718"]
[Site "Austria"]
[Date "2017.11.11"]
[Round "4.4"]
[White "Dimitriadis, Michael"]
[Black "Wegerer, Fred"]
[Result "1-0"]
[WhiteElo "2012"]
[BlackElo "2099"]
[PlyCount "99"]
[EventDate "2017.09.30"]
[EventType "team-tourn"]
[EventRounds "11"]
[EventCountry "AUT"]
[SourceTitle "EXT 2019"]
[Source "ChessBase"]
[SourceDate "2018.10.10"]
[SourceVersion "1"]
[SourceVersionDate "2018.10.10"]
[SourceQuality "1"]
[WhiteTeam "Soechau"]
[BlackTeam "Graz Austria"]
[WhiteTeamCountry "AUT"]
[BlackTeamCountry "AUT"]

1. d4 Nf6 2. c4 e6 3. Nf3 b6 4. Nbd2 Bb7 5. a3 c5 6. e3 d6 7. Bd3 Nbd7 8. 0-0 Be7 9. b3 0-0 10. Bb2 h6 11. e4 cxd4 12. Nxd4 Nc5 13. Qe2 Nxd3 14. Qxd3 a6 15. f3 Nd7 16. Ne2 Qc7 17. Rac1 Rfd8 18. Rfd1 Bg5 19. f4 Bf6 20. Bxf6 Nxf6 21. b4 Rab8 22. h3 Qe7 23. Qe3 Ba8 24. Ng3 Ne8 25. Nf3 Qb7 26. Rd2 Rdc8 27. Rdc2 Nf6 28. e5 dxe5 29. Nxe5 Rd8 30. Rd2 Rxd2 31. Qxd2 Rc8 32. Rc2 Qc7 33. Qf2 a5 34. Rd2 axb4 35. axb4 Qb7 36. Qd4 Qa6 37. Kh2 Qa3 38. Qxb6 Qc3 39. Rd8+ Rxd8 40. Qxd8+ Kh7 41. Qxa8 Qxb4 42. Nxf7 Kg6 43. Ne5+ Kh7 44. Qf3 Qe1 45. c5 Qc1 46. c6 Nd5 47. Qe4+ Kg8 48. Nh5 Ne3 49. Nf6+ Kf8 50. Qb4+ 1-0

[Event "AUT-ch"]
[Site "Pinkafeld"]
[Date "2015.07.28"]
[Round "4"]
[White "Toelly, Michael"]
[Black "Dimitriadis, Michael"]
[Result "1/2-1/2"]
[WhiteElo "2045"]
[BlackElo "2028"]
[PlyCount "64"]
[EventDate "2015.07.25"]
[EventType "swiss"]
[EventRounds "9"]
[EventCountry "AUT"]
[SourceTitle "CBM 167 Extra"]
[Source "ChessBase"]
[SourceDate "2015.09.14"]
[SourceVersion "1"]
[SourceVersionDate "2015.09.14"]
[SourceQuality "1"]

1. e4 e5 2. Nf3 Nc6 3. Bb5 a6 4. Ba4 Nf6 5. 0-0 Nxe4 6. d4 b5 7. Bb3 d5 8. dxe5 Be6 9. Nbd2 Nc5 10. c3 d4 11. Bxe6 Nxe6 12. cxd4 Ncxd4 13. Nxd4 Nxd4 14. Nb3 c5 15. Be3 Nxb3 16. axb3 Be7 17. Qg4 g6 18. Rfd1 Qc7 19. e6 Qe5 20. exf7+ Kxf7 21. Rd7 Rhe8 22. Bd2 Qe6 23. Qf3+ Kg8 24. Rd3 Bg5 25. h3 Bxd2 26. Rxd2 Ra7 27. Rad1 Rf7 28. Qc3 Qf5 29. Qg3 Qf4 30. Qc3 Qf5 31. Qg3 Qf4 32. Qc3 Qf5 1/2-1/2

[Event "AUT-ch"]
[Site "Pinkafeld"]
[Date "2015.07.25"]
[Round "1"]
[White "Dimitriadis, Michael"]
[Black "Schwabeneder, Florian"]
[Result "0-1"]
[WhiteElo "2028"]
[BlackElo "2299"]
[PlyCount "78"]
[EventDate "2015.07.25"]
[EventType "swiss"]
[EventRounds "9"]
[EventCountry "AUT"]
[SourceTitle "CBM 167 Extra"]
[Source "ChessBase"]
[SourceDate "2015.09.14"]
[SourceVersion "1"]
[SourceVersionDate "2015.09.14"]
[SourceQuality "1"]

1. d4 Nf6 2. c4 c5 3. d5 e5 4. Nc3 d6 5. e4 Be7 6. g3 Nbd7 7. Bg2 a6 8. Nge2 b5 9. cxb5 Qa5 10. bxa6 Bxa6 11. 0-0 0-0 12. b3 c4 13. Na4 cxb3 14. axb3 Qb5 15. Re1 Rab8 16. Ra3 Rfc8 17. Nec3 Qb4 18. Na2 Qb7 19. Bd2 Ra8 20. Nb4 Bb5 21. Qa1 Nf8 22. Bf1 Bd7 23. Nb2 Rxa3 24. Qxa3 Ra8 25. Na4 h5 26. f3 Bd8 27. Na2 h4 28. N2c3 Bb6+ 29. Be3 Bxe3+ 30. Rxe3 Qa7 31. Kf2 hxg3+ 32. hxg3 Nh5 33. Qc1 Rb8 34. Bc4 Nf4 35. Nb2 Nh7 36. Nd3 Nxd3+ 37. Bxd3 Rxb3 38. Kg2 Rxc3 39. Qxc3 Qxe3 0-1

[Event "Leitersdorf Region-ch"]
[Site "Leitersdorf"]
[Date "2014.01.05"]
[Round "4"]
[White "Dimitriadis, Michael"]
[Black "Mitterhuber, Manuel"]
[Result "1-0"]
[WhiteElo "2098"]
[BlackElo "1529"]
[PlyCount "87"]
[EventDate "2014.01.02"]
[EventType "swiss"]
[EventRounds "5"]
[EventCountry "AUT"]
[SourceTitle "CBM 158 Extra"]
[Source "ChessBase"]
[SourceDate "2014.02.28"]
[SourceVersion "1"]
[SourceVersionDate "2014.02.28"]
[SourceQuality "1"]

1. d4 d5 2. c4 e5 3. dxe5 d4 4. Nf3 Nc6 5. a3 a5 6. Nbd2 a4 7. b4 axb3 8. Nxb3 Be6 9. Bb2 Bxc4 10. Nbxd4 Bc5 11. Nxc6 Qxd1+ 12. Rxd1 bxc6 13. Rc1 Ra4 14. Nd2 Bxf2+ 15. Kxf2 Bd5 16. e4 Bxe4 17. Nxe4 Rxe4 18. Rxc6 Nh6 19. Kf3 Rh4 20. g3 Rh5 21. g4 Rg5 22. h4 Rg6 23. Rxg6 hxg6 24. Bb5+ Ke7 25. Rd1 Rd8 26. Rxd8 Kxd8 27. Bd4 Ke7 28. Kf4 Ng8 29. Bc5+ Ke6 30. Bc4+ Kd7 31. Bxf7 Ne7 32. Bxe7 Kxe7 33. Bxg6 c5 34. a4 c4 35. a5 c3 36. a6 c2 37. Bxc2 g5+ 38. Kxg5 Kf7 39. a7 Kg7 40. a8Q Kf7 41. Kf5 Kg7 42. Qb7+ Kh6 43. g5+ Kh5 44. Qh7# 1-0

[Event "Styrian op-A"]
[Site "Bad Gleichenberg"]
[Date "2013.07.07"]
[Round "2"]
[White "Dimitriadis, Michael"]
[Black "Sebenik, Matej"]
[Result "0-1"]
[WhiteElo "2113"]
[BlackElo "2511"]
[PlyCount "48"]
[EventDate "2013.07.06"]
[EventType "swiss"]
[EventRounds "9"]
[EventCountry "AUT"]
[SourceTitle "CBM 155 Extra"]
[Source "ChessBase"]
[SourceDate "2013.08.26"]
[SourceVersion "1"]
[SourceVersionDate "2013.08.26"]
[SourceQuality "1"]

1. d4 Nf6 2. Nf3 e6 3. Nbd2 c5 4. c3 cxd4 5. cxd4 d5 6. e3 Bd6 7. Bd3 0-0 8. 0-0 b6 9. e4 dxe4 10. Nxe4 Bb7 11. Nxd6 Qxd6 12. h3 Nc6 13. b3 Rfd8 14. Bb2 Nb4 15. Bb1 Rac8 16. a3 Nbd5 17. Bd3 Nc3 18. Qe1 Bxf3 19. Ba6 Bxg2 20. Kxg2 Rc7 21. Qe5 Qc6+ 22. Kh2 Rd5 23. Qe3 Qd6+ 24. Kh1 b5 0-1

[Event "Styrian op-A"]
[Site "Bad Gleichenberg"]
[Date "2013.07.06"]
[Round "1"]
[White "Dimitriadis, Michael"]
[Black "Poetz, Florian"]
[Result "0-1"]
[WhiteElo "2113"]
[BlackElo "2429"]
[PlyCount "76"]
[EventDate "2013.07.06"]
[EventType "swiss"]
[EventRounds "9"]
[EventCountry "AUT"]
[SourceTitle "CBM 155 Extra"]
[Source "ChessBase"]
[SourceDate "2013.08.26"]
[SourceVersion "1"]
[SourceVersionDate "2013.08.26"]
[SourceQuality "1"]

1. d4 c5 2. e3 Nf6 3. Nf3 e6 4. Bd3 b6 5. Qe2 Bb7 6. Nbd2 Nc6 7. c3 Be7 8. 0-0 cxd4 9. exd4 Nd5 10. Ne4 f5 11. Neg5 0-0 12. Nh3 Nf6 13. Ne5 Nxe5 14. dxe5 Ne4 15. f3 Nc5 16. Bc4 a6 17. a3 b5 18. Ba2 g5 19. Be3 Kh8 20. Nf2 Rg8 21. Nd3 Na4 22. Rad1 g4 23. f4 Rc8 24. Rd2 Nb6 25. Rfd1 Nc4 26. Bxc4 Rxc4 27. Bd4 a5 28. Ne1 Qc8 29. Qe3 b4 30. axb4 axb4 31. Kh1 h5 32. b3 bxc3 33. Rc2 Rc6 34. Rxc3 Bb4 35. Rxc6 Qxc6 36. Rc1 Qd5 37. Bc5 Bxe1 38. Qe2 Bd2 0-1

[Event "Lienz op 17th"]
[Site "Lienz"]
[Date "2013.02.15"]
[Round "8"]
[White "Dimitriadis, Michael"]
[Black "Popovic, Dusan"]
[Result "0-1"]
[WhiteElo "2104"]
[BlackElo "2574"]
[PlyCount "50"]
[EventDate "2013.02.09"]
[EventType "swiss"]
[EventRounds "9"]
[EventCountry "AUT"]
[SourceTitle "CBM 152 Extra"]
[Source "ChessBase"]
[SourceDate "2013.02.25"]
[SourceVersion "1"]
[SourceVersionDate "2013.02.25"]
[SourceQuality "1"]

1. d4 Nf6 2. Nf3 g6 3. g3 Bg7 4. Bg2 0-0 5. 0-0 d6 6. d5 c6 7. c4 cxd5 8. cxd5 Qb6 9. Nc3 Na6 10. e4 Bg4 11. h3 Bxf3 12. Qxf3 Nd7 13. Qe2 Rfc8 14. Be3 Qb4 15. a3 Qb3 16. Rab1 Nac5 17. Rfc1 Nb6 18. Nb5 Nba4 19. Nd4 Qd3 20. Qxd3 Nxd3 21. Rxc8+ Rxc8 22. b4 Nc3 23. Rb3 Bxd4 24. Bxd4 Ne2+ 25. Kf1 Nxd4 0-1

[Event "Lienz op 17th"]
[Site "Lienz"]
[Date "2013.02.12"]
[Round "5"]
[White "Kassel, Walter"]
[Black "Dimitriadis, Michael"]
[Result "0-1"]
[WhiteElo "1861"]
[BlackElo "2104"]
[PlyCount "50"]
[EventDate "2013.02.09"]
[EventType "swiss"]
[EventRounds "9"]
[EventCountry "AUT"]
[SourceTitle "CBM 152 Extra"]
[Source "ChessBase"]
[SourceDate "2013.02.25"]
[SourceVersion "1"]
[SourceVersionDate "2013.02.25"]
[SourceQuality "1"]

1. d4 d5 2. c4 e6 3. Nc3 Nf6 4. Bg5 Nbd7 5. cxd5 exd5 6. e3 c6 7. Bd3 Be7 8. Nge2 0-0 9. 0-0 Re8 10. Qd2 Nf8 11. Rae1 Ne6 12. Bxf6 Bxf6 13. Ng3 g6 14. f4 Ng7 15. Qd1 Bh4 16. Qd2 Bxg3 17. hxg3 Bf5 18. Kf2 Qd7 19. Rh1 Re7 20. Bxf5 Qxf5 21. Qe2 h5 22. Rh3 Rae8 23. Nd1 Ne6 24. g4 hxg4 25. Rh4 Nxf4 0-1

[Event "Lienz op 17th"]
[Site "Lienz"]
[Date "2013.02.10"]
[Round "3"]
[White "Jovanovic, Zoran"]
[Black "Dimitriadis, Michael"]
[Result "1-0"]
[WhiteElo "2518"]
[BlackElo "2104"]
[PlyCount "57"]
[EventDate "2013.02.09"]
[EventType "swiss"]
[EventRounds "9"]
[EventCountry "AUT"]
[SourceTitle "CBM 152 Extra"]
[Source "ChessBase"]
[SourceDate "2013.02.25"]
[SourceVersion "1"]
[SourceVersionDate "2013.02.25"]
[SourceQuality "1"]

1. e4 e5 2. Nf3 Nc6 3. Bc4 Bc5 4. 0-0 Nf6 5. d4 exd4 6. e5 d5 7. exf6 dxc4 8. fxg7 Rg8 9. Re1+ Be6 10. Bg5 Be7 11. Bxe7 Qxe7 12. Nxd4 Nxd4 13. Qxd4 Qg5 14. Nc3 Qxg7 15. Qxg7 Rxg7 16. Rad1 a6 17. Nd5 Rc8 18. Nf4 Ke7 19. Rd4 c5 20. Rxc4 Kd7 21. Rce4 Rc6 22. a3 Rd6 23. f3 Bd5 24. Re7+ Kc6 25. Kf2 Rg5 26. g4 Rf6 27. Kg3 b5 28. h4 Rg8 29. Ra7 1-0

[Event "LSS CP-2009-P-00033"]
[Site "LSS email"]
[Date "2009.10.12"]
[Round "?"]
[White "Dimitriadis, Michael"]
[Black "Manheimer, Gunter"]
[Result "1/2-1/2"]
[WhiteElo "2210"]
[BlackElo "1298"]
[PlyCount "95"]
[EventDate "2009.10.01"]
[EventType "tourn (corr)"]
[EventRounds "6"]
[EventCountry "GER"]
[SourceTitle "Telechess CBM 137"]
[Source "ChessBase"]
[SourceDate "2010.07.15"]
[SourceVersion "1"]
[SourceVersionDate "2010.07.15"]
[SourceQuality "1"]

1. d4 Nf6 2. Nf3 e6 3. Nbd2 d5 4. e3 c5 5. c3 Be7 6. Bd3 0-0 7. 0-0 Qc7 8. Qe2 Nc6 9. dxc5 Bxc5 10. e4 h6 11. Bc2 a6 12. e5 Ng4 13. Nb3 Bb6 14. Bf4 f6 15. Qd3 g5 16. exf6 gxf4 17. Qg6+ Kh8 18. Qxg4 Rxf6 19. Rae1 Qg7 20. Qxg7+ Kxg7 21. Re2 Bd7 22. Rfe1 Rg8 23. h3 Kf7 24. Nbd2 Ke7 25. c4 Kd6 26. Rd1 Kc7 27. Kf1 Nd4 28. Nxd4 Bxd4 29. Ne4 dxe4 30. Rxd4 f3 31. gxf3 exf3 32. Re3 e5 33. Rxe5 Bxh3+ 34. Ke1 Rg1+ 35. Kd2 Rf1 36. Re7+ Kc8 37. Be4 Rxf2+ 38. Kc3 Rb6 39. Rf7 Rfxb2 40. c5 R6b5 41. Bd3 Rxa2 42. Bxb5 axb5 43. Rd6 f2 44. Rxh6 Bd7 45. Rh8+ Kc7 46. Rhh7 Kb8 47. Rf8+ Kc7 48. Rff7 1/2-1/2

[Event "Graz op"]
[Site "Graz"]
[Date "2007.09.01"]
[Round "1"]
[White "Dimitriadis, Michael"]
[Black "Danner, Georg"]
[Result "0-1"]
[WhiteElo "2130"]
[BlackElo "2426"]
[PlyCount "64"]
[EventDate "2007.09.01"]
[EventType "swiss"]
[EventRounds "9"]
[EventCountry "AUT"]
[SourceTitle "EXT 2009"]
[Source "ChessBase"]
[SourceDate "2008.11.26"]
[SourceVersion "1"]
[SourceVersionDate "2008.11.26"]
[SourceQuality "1"]

1. d4 Nf6 2. Nf3 c5 3. e3 b6 4. Bd3 g6 5. Qe2 Bg7 6. Nbd2 0-0 7. c3 Nc6 8. 0-0 Bb7 9. e4 cxd4 10. Nxd4 Rc8 11. N4f3 Qc7 12. Nb3 d5 13. exd5 Nxd5 14. Ba6 Bxa6 15. Qxa6 Rfd8 16. Qe2 Rd7 17. Re1 Nf4 18. Bxf4 Qxf4 19. Rad1 Rcd8 20. Rxd7 Rxd7 21. Rd1 Rxd1+ 22. Qxd1 Qa4 23. Qb1 e5 24. Nbd2 f5 25. b3 Qb5 26. c4 Qc5 27. Ng5 e4 28. Ne6 Qd6 29. Nxg7 Qxd2 30. Ne6 e3 31. Qa1 Qxf2+ 32. Kh1 Ne5 0-1

[Event "Graz op"]
[Site "Graz"]
[Date "2005.09.10"]
[Round "8"]
[White "Dimitriadis, Michael"]
[Black "Wittmann, Walter"]
[Result "1/2-1/2"]
[WhiteElo "2094"]
[BlackElo "2376"]
[PlyCount "32"]
[EventDate "2005.09.03"]
[EventType "swiss"]
[EventRounds "9"]
[EventCountry "AUT"]
[SourceTitle "EXT 2007"]
[Source "ChessBase"]
[SourceDate "2006.11.23"]
[SourceVersion "1"]
[SourceVersionDate "2006.11.23"]
[SourceQuality "1"]

1. d4 Nf6 2. Nf3 g6 3. Nbd2 d5 4. e3 Bg7 5. b4 0-0 6. c4 Nbd7 7. Bb2 c6 8. a4 e5 9. dxe5 Ng4 10. cxd5 cxd5 11. Be2 Ndxe5 12. Qb3 Be6 13. Bd4 Nxf3+ 14. Nxf3 Bxd4 15. Nxd4 Qh4 16. Bxg4 Qxg4 1/2-1/2

[Event "Graz op"]
[Site "Graz"]
[Date "2005.09.05"]
[Round "3"]
[White "Dimitriadis, Michael"]
[Black "Dietmayer Kraeutler, Marco"]
[Result "1-0"]
[WhiteElo "2094"]
[BlackElo "2213"]
[PlyCount "101"]
[EventDate "2005.09.03"]
[EventType "swiss"]
[EventRounds "9"]
[EventCountry "AUT"]
[SourceTitle "EXT 2007"]
[Source "ChessBase"]
[SourceDate "2006.11.23"]
[SourceVersion "1"]
[SourceVersionDate "2006.11.23"]
[SourceQuality "1"]

1. d4 d5 2. Nf3 Nf6 3. e3 c6 4. c4 e6 5. Nbd2 Nbd7 6. Bd3 Be7 7. 0-0 0-0 8. b3 c5 9. Bb2 b6 10. cxd5 Nxd5 11. Rc1 Bb7 12. Ne4 cxd4 13. exd4 Nb4 14. Bb1 Nxa2 15. Bxa2 Bxe4 16. Qe2 Bb7 17. Ne5 Nxe5 18. dxe5 Bc5 19. Kh1 Qg5 20. f4 Qh6 21. Rc3 Rad8 22. Rg3 Bd4 23. Bc1 Rc8 24. Ba3 Rfe8 25. Bb1 g6 26. Bd3 Rc7 27. Be4 Bc5 28. Bxc5 Bxe4 29. Bd6 Bxg2+ 30. Qxg2 Rd7 31. Qc6 Red8 32. Qg2 Qg7 33. Rc1 f6 34. Rgc3 g5 35. Qg4 gxf4 36. Qxe6+ Kh8 37. Rc8 f3 38. Rxd8+ Rxd8 39. Qxf6 Qxf6 40. exf6 Kg8 41. Be7 Rd3 42. b4 Kf7 43. Rf1 a5 44. bxa5 bxa5 45. h3 a4 46. Rf2 Re3 47. Kh2 a3 48. Kg3 Re2 49. Rxf3 a2 50. Ra3 Rc2 51. Ra6 1-0

[Event "IECG CP.2001.F.00002"]
[Site "IECG email"]
[Date "2005.07.01"]
[Round "?"]
[White "Chopin, Philippe"]
[Black "Dimitriadis, Michael"]
[Result "0-1"]
[WhiteElo "2290"]
[BlackElo "2167"]
[PlyCount "116"]
[EventDate "2005.07.01"]
[EventType "tourn (corr)"]
[EventRounds "6"]
[EventCountry "NED"]
[SourceTitle "Corr 2008"]
[Source "ChessBase"]
[SourceDate "2008.06.24"]
[SourceVersion "1"]
[SourceVersionDate "2008.06.24"]
[SourceQuality "1"]

1. e4 e5 2. Nf3 Nc6 3. Bb5 a6 4. Ba4 Nf6 5. 0-0 b5 6. Bb3 Be7 7. Re1 0-0 8. a4 Bb7 9. d3 Re8 10. c3 h6 11. Nbd2 Bf8 12. Ba2 d5 13. exd5 Nxd5 14. Ne4 Re6 15. Be3 Nb8 16. b4 Nd7 17. Bd2 c5 18. bxc5 Nxc5 19. Nxc5 Bxc5 20. Rxe5 Rxe5 21. Nxe5 Qc7 22. Qh5 Bd6 23. d4 Re8 24. axb5 axb5 25. Re1 Bxe5 26. Rxe5 Ra8 27. Bb3 Nf6 28. Qd1 Qd7 29. f3 Bd5 30. Bc2 Bc4 31. Bf5 Qa7 32. Qc1 Qa1 33. Rc5 Qxc1+ 34. Bxc1 g6 35. Rc8+ Rxc8 36. Bxc8 Kg7 37. Kf2 Nd5 38. Bd2 f5 39. h3 f4 40. Bb7 g5 41. g3 fxg3+ 42. Kxg3 Kf6 43. h4 Kf5 44. hxg5 hxg5 45. Kf2 Kf6 46. Bc6 Kf5 47. Bb7 Kf6 48. Bc8 Nb6 49. Bh3 Nd5 50. Bd7 Nb6 51. Bc6 Nd5 52. Kg3 Kf5 53. Bd7+ Kg6 54. Kf2 Nb6 55. Be8+ Kf5 56. Bh5 Nd5 57. Bg4+ Kg6 58. Ke1 Nf6 0-1

[Event "IECG CP.2001.F.00002"]
[Site "IECG email"]
[Date "2005.07.01"]
[Round "?"]
[White "Sukhov, Nick"]
[Black "Dimitriadis, Michael"]
[Result "1/2-1/2"]
[WhiteElo "2418"]
[BlackElo "2167"]
[PlyCount "69"]
[EventDate "2005.07.01"]
[EventType "tourn (corr)"]
[EventRounds "6"]
[EventCountry "NED"]
[SourceTitle "Corr 2008"]
[Source "ChessBase"]
[SourceDate "2008.06.24"]
[SourceVersion "1"]
[SourceVersionDate "2008.06.24"]
[SourceQuality "1"]

1. e4 c5 2. Nf3 g6 3. c4 Nc6 4. d4 cxd4 5. Nxd4 Nf6 6. Nc3 d6 7. Be2 Nxd4 8. Qxd4 Bg7 9. 0-0 0-0 10. Qe3 Be6 11. Bd2 Qb6 12. b3 Qxe3 13. Bxe3 Ng4 14. Bxg4 Bxg4 15. Rac1 Rfc8 16. a4 Bd7 17. Rfd1 Bxc3 18. Rxc3 f6 19. Rcd3 b6 20. f3 h5 21. Kf2 Rab8 22. h4 a6 23. R3d2 Kf7 24. Bd4 Be6 25. Rb1 Rc6 26. Ke3 b5 27. cxb5 axb5 28. a5 b4 29. Bb6 Rbc8 30. Kf2 Rc2 31. Be3 d5 32. Rb2 Rxd2+ 33. Bxd2 dxe4 34. fxe4 Rb8 35. Ke3 1/2-1/2